01085cam a2200277 a 450000100040000000500170000402000310002102000280005202000360008002000330011604000180014905000250016708200140019210000190020624500750022526000530030030000590035350500070041252002260041952100250064552100210067065000200069165000360071165000220074770000380076946620240626101147.0 a9781599901695 (alk. paper) a1599901692 (alk. paper) a9781599901923 (reinforced bdg.) a1599901927 (reinforced bdg.) aDLCcDLCdDLC00aPZ8.3.L487bMar 200800a813.62221 aLechner, Jack.10aMary had a little lamp /cby Jack Lechner ; illustrated by Bob Staake. aNew York :bBloomsbury Children's Books :c2008. a29 unnumbered pages : bcolor illustrations ; c26 cm  aK  aMary takes her "bendy," gooseneck lamp wherever she goes, much to the dismay of her parents and classmates, but after leaving it at home during summer camp, Mary finds that she has outgrown her need for her odd companion. a510 bLexile AD  aK bRaz-Plus  1aLampsvFiction. 1aSecurity (Psychology)vFiction. 1aStories in rhyme.1 aStaake, Bob,d1957-eillustrator